Le travail peut-il devenir supportable ? (notice n° 1925727)

détails MARC
000 -LEADER
fixed length control field 01600cam a2200145 4500500
005 - DATE AND TIME OF LATEST TRANSACTION
control field 20260329023235.0
041 ## - LANGUAGE CODE
Language code of text/sound track or separate title fre
042 ## - AUTHENTICATION CODE
Authentication code dc
100 10 - MAIN ENTRY--PERSONAL NAME
Personal name Clot, Yves
Relator term author
245 00 - TITLE STATEMENT
Title Le travail peut-il devenir supportable ?
260 ## - PUBLICATION, DISTRIBUTION, ETC.
Name of publisher, distributor, etc. Armand Colin,<br/>
Date of publication, distribution, etc. 2017.<br/>
520 ## - SUMMARY, ETC.
Summary, etc. Le travail demeure une source de plaisir pour certains. Mais, pour trop d’entre nous, il est devenu difficile à supporter. Pour la plupart des travailleurs, il est en tout cas un souci dont aucune condition sociale, aucune position hiérarchique, aucun statut ne mettent complètement à l’abri. Et cela, particulièrement en France. Faut-il alors transformer les travailleurs ? Peut-on concevoir des organisations salubres ? Peut-on aller vers une performance compatible avec la qualité du travail ? Vers des produits et des façons de produire moins toxiques pour la santé publique ? La santé au travail peut-elle être octroyée ou les travailleurs doivent-ils avoir les moyens de la construire ? Yves Clot, psychologue du travail, et Michel Gollac, sociologue, confrontent leurs conceptions et celles de leurs disciplines. Leur débat débouche sur une conviction : non seulement le travail peut devenir supportable mais il peut être l’une des sources d’une vitalité retrouvée, d’autres façons d’être soi-même et de vivre ensemble. Une nouvelle liberté est possible si l’entreprise s’ouvre à la démocratie.
700 10 - ADDED ENTRY--PERSONAL NAME
Personal name Gollac, Michel
Relator term author
856 41 - ELECTRONIC LOCATION AND ACCESS
Uniform Resource Identifier <a href="https://shs.cairn.info/le-travail-peut-il-devenir-supportable--9782200617332?lang=fr&redirect-ssocas=7080">https://shs.cairn.info/le-travail-peut-il-devenir-supportable--9782200617332?lang=fr&redirect-ssocas=7080</a>

Pas d'exemplaire disponible.

PLUDOC

PLUDOC est la plateforme unique et centralisée de gestion des bibliothèques physiques et numériques de Guinée administré par le CEDUST. Elle est la plus grande base de données de ressources documentaires pour les Étudiants, Enseignants chercheurs et Chercheurs de Guinée.

Adresse

627 919 101/664 919 101

25 boulevard du commerce
Kaloum, Conakry, Guinée

Réseaux sociaux

Powered by Netsen Group @ 2025